000 00334nam a2200133Ia 4500
005 20251222144853.0
008 251222s9999||||xx |||||||||||||| ||spa||
020 _a9972-853-07-1
082 _a262.4/I59
245 0 _aTeología Espiritual
250 _a5a.ed.
264 _bInstituto de Teología Pastoral Fray Martín
942 _cLIB
999 _c21694
_d21694